| 000 | nam a22 7a 4500 | ||
|---|---|---|---|
| 999 |
_c17788 _d17788 |
||
| 008 | 161129b xxu||||| |||| 00| 0 eng d | ||
| 020 | _a9780077513917 | ||
| 020 | _a0077513916 | ||
| 050 |
_aQH308.2 _b.M33 2012 |
||
| 100 | _aMader,Sylvia S. | ||
| 245 |
_aEssentials of Biology / _cSylvia S. Mader,Michael Windelspecht and Lynn Preston |
||
| 250 | _a3rd ed. | ||
| 260 |
_aBoston : _bMcGraw Hill/Learning solutions, _cc2012 |
||
| 300 |
_axxvii, 652p. : _bill. ; |
||
| 500 | _aIncludes appendix and index. | ||
| 650 | _aBiology | ||
| 700 | _aWindelspecht,Michael | ||
| 700 | _aPreston,Lynn | ||
| 942 |
_2lcc _cBOOKS _hQH308.2 .M33 2012 |
||